000 00709nam a22002297a 4500
003 UA-OsUOA
001 112148
007 ta
008 20150622b un ||||| |||| 00| 0 ukr d
100 _aКоць О.О.
700 _aПістун Х.І.
090 _a330(477)
_bК75
942 _cSA
040 _aUA-OsUOA
_bukr
_cUA-OsUOA
_dUA-OsUOA
245 _aДослідження перспектив розвитку інвестиційної привабливості України
300 _aС.22-26
955 _a0
041 _aukr
080 _a330(477)
773 0 _w112146
_tЕкономіка. Фінанси. Право.
_dК.
_d2015
_g6
650 7 _a330 Економіка взагалі
_2UDC
999 _c398223
_d398223